000 00745nam a2200241 i 4500
001 C2-0120676
003 PPAK
005 20180727112709.0
008 970813s xx |||| ||||| | may d
040 _aPPAK
_beng
_cPPAK
_erda
082 0 4 _a899.23
_223
090 0 0 _a899.23
_bPAR
_dKIH
100 1 _aParnickel, Boris,
_eauthor
245 1 0 _aResensi terhadap buku sastera dan masyarakat oleh Ismail Hussein
264 1 _a[place of publication not identified] :
_b[publisher not identified] ,
_c[date of publication not identified]
300 _a[n.d.] ;
_c28 cm
336 _2rdacontent
_atext
337 _2rdamedia
_aunmediated
338 _2rdacarrier
_avolume
500 _aSatu ulasan
650 1 0 _aMalay literature
942 _ddc
_cB
999 _c33949
_d33949